| 000 | 00708nam a22002417a 4500 | ||
|---|---|---|---|
| 003 | UA-OsUOA | ||
| 001 | 29894 | ||
| 007 | ta | ||
| 008 | 20041101b un ||||| |||| 00| 0 ukr d | ||
| 100 | _aПарандовський Я. | ||
| 090 |
_a82-343 _bП18 |
||
| 942 | _cBK | ||
| 040 |
_aUA-OsUOA _bukr _cUA-OsUOA _dUA-OsUOA |
||
| 245 |
_aМіфологія _bВірування та легенди стародавніх греків і римлян |
||
| 300 |
_a232 с. _bІлюстрації |
||
| 955 | _a2 | ||
| 041 | _aukr | ||
| 080 | _a82-343 | ||
| 260 |
_aК. _bМолодь _c1977 |
||
| 044 | _aUA | ||
| 650 | 7 |
_a82 Література. Літературознавство _2UDC |
|
| 999 |
_c316293 _d316293 |
||